Welcome to CU Library Online Public Access Catalogue (OPAC)

Managers not MBAs : (Record no. 4979)

MARC details
000 -LEADER
fixed length control field 00919cam a2200253 a 4500
001 - CONTROL NUMBER
control field 13559412
005 - DATE AND TIME OF LATEST TRANSACTION
control field 20250319180157.0
008 - FIXED-LENGTH DATA ELEMENTS--GENERAL INFORMATION
fixed length control field 040414s2004 enk b 001 0 eng
020 ## - INTERNATIONAL STANDARD BOOK NUMBER
International Standard Book Number 0273663240 (alk. paper)
050 00 - LIBRARY OF CONGRESS CALL NUMBER
Classification number HD30.4
Item number .M56 2004
082 00 - DEWEY DECIMAL CLASSIFICATION NUMBER
Classification number 658/.0071/1
Edition information 22
100 1# - MAIN ENTRY--PERSONAL NAME
Personal name Mintzberg, Henry.
245 10 - TITLE STATEMENT
Title Managers not MBAs :
Remainder of title a hard look at the soft practice of managing and management development /
Statement of responsibility, etc. Henry Mintzberg.
260 ## - PUBLICATION, DISTRIBUTION, ETC.
Place of publication, distribution, etc. London ;
-- New York :
Name of publisher, distributor, etc. Financial Times Prentice Hall,
Date of publication, distribution, etc. 2004.
300 ## - PHYSICAL DESCRIPTION
Extent xii, 464 p. :
Other physical details ill. ;
Dimensions 25 cm.
500 ## - GENERAL NOTE
General note Originally published: San Francisco, CA : Berrett-Koehler, 2003.
650 #0 - SUBJECT ADDED ENTRY--TOPICAL TERM
Topical term or geographic name entry element Executives
General subdivision Training of
650 #0 - SUBJECT ADDED ENTRY--TOPICAL TERM
Topical term or geographic name entry element Experiential learning.
650 #0 - SUBJECT ADDED ENTRY--TOPICAL TERM
Topical term or geographic name entry element Active learning.
650 #0 - SUBJECT ADDED ENTRY--TOPICAL TERM
Topical term or geographic name entry element Management
General subdivision Study and teaching (Graduate)
650 #0 - SUBJECT ADDED ENTRY--TOPICAL TERM
Topical term or geographic name entry element Master of business administration degree.
650 #0 - SUBJECT ADDED ENTRY--TOPICAL TERM
Topical term or geographic name entry element Business education.
942 ## - ADDED ENTRY ELEMENTS (KOHA)
Source of classification or shelving scheme Library of Congress Classification
Koha item type Books
Suppress in OPAC No
999 ## -
-- 4979
-- 4979
Holdings
Withdrawn status Lost status Source of classification or shelving scheme Damaged status Not for loan Collection Home library Current library Shelving location Date acquired Total checkouts Full call number Barcode Date last seen Copy number Price effective from Koha item type
    Library of Congress Classification     Non-fiction Undergraduate Library (Christ Temple) Undergraduate Library (Christ Temple) General stacks 03/19/2025   HD30.4M56 MIN ulct00001799 03/19/2025 1 03/19/2025 Books
    Library of Congress Classification     Non-fiction Undergraduate Library (Christ Temple) Undergraduate Library (Christ Temple) General stacks 03/19/2025   HD30.4M56 MIN ulct00001800 03/19/2025 2 03/19/2025 Books
    Library of Congress Classification     Non-fiction Undergraduate Library (Christ Temple) Undergraduate Library (Christ Temple) General stacks 03/19/2025   HD30.4M56 MIN ulct00001801 03/19/2025 3 03/19/2025 Books
© 2023-2024 Copyright: Central University Libraries. All Rights Reserved | Created by: Mahone Tech Office